PREP GUIDE CUET (UG)-2023 (Physics) (Record no. 12512)

MARC details
000 -LEADER
fixed length control field 00253nam a22000977a 4500
008 - FIXED-LENGTH DATA ELEMENTS--GENERAL INFORMATION
fixed length control field 231212b |||||||| |||| 00| 0 eng d
020 ## - INTERNATIONAL STANDARD BOOK NUMBER
International Standard Book Number 9789355555731
100 ## - MAIN ENTRY--PERSONAL NAME
Personal name MTG
9 (RLIN) 7733
245 ## - TITLE STATEMENT
Title PREP GUIDE CUET (UG)-2023 (Physics)
260 ## - PUBLICATION, DISTRIBUTION, ETC. (IMPRINT)
Place of publication, distribution, etc. New Delhi
Name of publisher, distributor, etc. MTG
Date of publication, distribution, etc. 2023
Holdings
Withdrawn status Lost status Source of classification or shelving scheme Damaged status Koha normalized classification for sorting Not for loan Home library Current library Shelving location Date acquired Total Checkouts Full call number Barcode Date last seen Price effective from Koha item type
    Dewey Decimal Classification   MTG_530_000000000000000   Good Samaritan School Library Good Samaritan School Library Physics 12/12/2023   MTG530 MTG17772 12/12/2023 12/12/2023 BOOK

Powered by Koha